Seven Essays For Managers; (Record no. 209725)

MARC details
000 -LEADER
fixed length control field 00519nam a22001937a 4500
005 - DATE AND TIME OF LATEST TRANSACTION
control field 20250225122312.0
010 ## - LCCN (DPL NO)
LC control number ENG-143904
020 ## - INTERNATIONAL STANDARD BOOK NUMBER
Terms of availability 250.00
International Standard Book Number 9789391317522
035 ## - SYSTEM CONTROL NUMBER
System control number EN-127436
037 ## - SOURCE OF ACQUISITION
Source of stock number/acquisition DBAD/PUB
082 ## - DEWEY DECIMAL CLASSIFICATION NUMBER
Classification number 658.4013
100 ## - MAIN ENTRY--PERSONAL NAME
Personal name Kanhaiya, K S S
245 ## - TITLE STATEMENT
Title Seven Essays For Managers;
Statement of responsibility, etc by K S S Kanhaiya
250 ## - EDITION STATEMENT
Edition statement 01
260 ## - PUBLICATION, DISTRIBUTION, ETC. (IMPRINT)
Place of publication, distribution, etc Nodia
Name of publisher, distributor, etc Jai3E Books & Publishing
Date of publication, distribution, etc 2021
270 ## - ADDRESS
City Nodia
300 ## - PHYSICAL DESCRIPTION
Extent 126p.g
Dimensions 23cm(pbk)
942 ## - ADDED ENTRY ELEMENTS (KOHA)
Source of classification or shelving scheme Dewey Decimal Classification
Item type English Books
Classification part 658.4013
Call number suffix KAN
Holdings
Withdrawn status Lost status Not for loan Collection code Home library Current library Date acquired Source of acquisition Cost, normal purchase price Full call number Barcode Cost, replacement price Koha item type
      Non-fiction Central Library Central Library 25/02/2025 DBAD 250.00 658.4013 KAN EN-127436 250.00 English Books

© Delhi Public Library
Hit Counter
free hit counter